Statistics for Smallest Countries with Megacities

Click here to take the quiz!

General Stats

  • This quiz has been taken 532 times
    (440 since last reset)
  • The average score is 8 of 10

Answer Stats

MegacityCountry Pop.Country% Correct
London65.1 milUnited Kingdom
93%
Paris66.8 milFrance
89%
Seoul50.6 milSouth Korea
84%
Istanbul78.7 milTurkey
81%
Tehran79.1 milIran
78%
Johannesburg55.0 milSouth Africa
75%
Bangkok68.0 milThailand
75%
Buenos Aires43.4 milArgentina
74%
Lima31.4 milPeru
73%
Kinshasa77.3 milD.R. Congo
65%

Score Distribution

Percentile by Number Answered

Percent of People with Each Score

Your Score History

You have not taken this quiz since the last reset